Online
Catalog

Escuela siglo XXI / (Record no. 24647)

MARC details
000 -CABECERA
campo de control de longitud fija 00870nam a2200241 a 4500
001 - NÚMERO DE CONTROL
campo de control 000025154
003 - IDENTIFICADOR DEL NÚMERO DE CONTROL
campo de control DO-SdBNP
005 - FECHA Y HORA DE LA ÚLTIMA TRANSACCIÓN
campo de control 20250509170321.0
008 - DATOS DE LONGITUD FIJA--INFORMACIÓN GENERAL
campo de control de longitud fija 110210s2000 ck a r 000 0 spa d
040 ## - FUENTE DE LA CATALOGACIÓN
Centro catalogador/agencia de origen DO-SdBNP
Lengua de catalogación spa
Centro/agencia transcriptor BNPHU
082 ## - NÚMERO DE LA CLASIFICACIÓN DECIMAL DEWEY
Número de clasificación 370.9861
Número de documento/Ítem R436e
100 1# - ENTRADA PRINCIPAL--NOMBRE DE PERSONA
Nombre de persona Restrepo, Luis Carlos,
Fechas asociadas al nombre 1954-
9 (RLIN) 51587
245 10 - MENCIÓN DE TÍTULO
Título Escuela siglo XXI /
Mención de responsabilidad, etc. Luis Carlos Restrepo, Nicolás Buenaventura A.
260 ## - PUBLICACIÓN, DISTRIBUCIÓN, ETC.
Lugar de publicación, distribución, etc. Santa Fe de Bogotá, (Colombia) :
Nombre del editor, distribuidor, etc. Cooperativa Editorial Magisterio,
Fecha de publicación, distribución, etc. 2000.
300 ## - DESCRIPCIÓN FÍSICA
Extensión 82 p. :
Otras características físicas il. ;
Dimensiones 21 cm.
500 ## - NOTA GENERAL
Nota general Es una reimpresión de la primera edición de 1998
650 #0 - PUNTO DE ACCESO ADICIONAL DE MATERIA--TÉRMINO DE MATERIA
Término de materia o nombre geográfico como elemento de entrada Educación
Subdivisión geográfica Colombia
9 (RLIN) 51588
650 #4 - PUNTO DE ACCESO ADICIONAL DE MATERIA--TÉRMINO DE MATERIA
Término de materia o nombre geográfico como elemento de entrada Educación
Subdivisión geográfica Colombia
9 (RLIN) 51589
Subdivisión de forma Ensayos, conferencias, etc
650 #4 - PUNTO DE ACCESO ADICIONAL DE MATERIA--TÉRMINO DE MATERIA
Término de materia o nombre geográfico como elemento de entrada Calidad de la educación
9 (RLIN) 17482
650 #4 - PUNTO DE ACCESO ADICIONAL DE MATERIA--TÉRMINO DE MATERIA
Término de materia o nombre geográfico como elemento de entrada Valores (educación)
9 (RLIN) 51590
700 1# - PUNTO DE ACCESO ADICIONAL--NOMBRE DE PERSONA
Nombre de persona Buenaventura Alder, Nicolás
9 (RLIN) 51591
942 ## - ELEMENTOS DE PUNTO DE ACCESO ADICIONAL (KOHA)
Fuente del sistema de clasificación o colocación Dewey Decimal Classification
Tipo de ítem Koha Libro
Holdings
Estado de retiro Estado de pérdida Restricciones de uso No para préstamo Código de colección Localización permanente Ubicación/localización actual Ubicación en estantería Fecha de adquisición Número de inventario Total de préstamos Signatura topográfica completa Código de barras Fecha visto por última vez Precio válido a partir de Tipo de ítem Koha
        Monografías: Libros y Folletos General General En catalogación 10.02.2011 LF1   370.9861 R436e 25154-10 25.06.2020 25.06.2020 Préstamo en sala

Powered by Koha